000 00684nam a2200241Ia 4500
003 OSt
005 20221005125551.0
006 a|||||r|||| 00| 0
007 ta
008 221004b |||||||| |||| 00| 0 eng d
024 _a70004
037 _cTextual
040 _aCRL
_cCRL
_beng
041 _2eng
_aeng
082 _aY1:8:7vN5, K2
100 _aEco Emberto
_9636837
245 0 _aPicture history of inventions
_b From plough to polaris tr by Anthony Lawrence
260 _c1962
650 _aSOCIOLOGY
700 _a Zorzoli Gioggi Biligti
_9636838
942 _hY1:8:7vN5, K2
_cTEXL
_2cc
999 _c1054381
_d1054381